Leasing - praktyczne problemy stosowania
Charakteristika leasingu. Jeho tri bežné formy: predaj a návratný leasing, operačný a finančný leasing. Právne dôsledky leasingu. Analýza uplatnenia leasingovej zmluvy. Inštitucializovanie a rozšírenie leasingu v Poľsku. Leasing a privatizácia. Závery.
Guardado en:
| Autor principal: | |
|---|---|
| Formato: | Capítulo de libro |
| Lenguaje: | polaco |
| Materias: | |
| Etiquetas: |
Sin Etiquetas, Sea el primero en etiquetar este registro!
|
MARC
| LEADER | 00000naa a2200000 4500 | ||
|---|---|---|---|
| 001 | r005011 | ||
| 005 | 20221125123133.6 | ||
| 041 | 0 | |a pol | |
| 044 | |a PL | ||
| 245 | 1 | 0 | |a Leasing - praktyczne problemy stosowania |c C. Maliszewski |
| 520 | |a Charakteristika leasingu. Jeho tri bežné formy: predaj a návratný leasing, operačný a finančný leasing. Právne dôsledky leasingu. Analýza uplatnenia leasingovej zmluvy. Inštitucializovanie a rozšírenie leasingu v Poľsku. Leasing a privatizácia. Závery. | ||
| 610 | 2 | 0 | |a lízing |
| 610 | 2 | 0 | |a lízing finančný |
| 610 | 2 | 0 | |a lízing operatívny |
| 610 | 2 | 0 | |a predaj |
| 610 | 2 | 0 | |a privatizácia |
| 610 | 2 | 0 | |a PR |
| 100 | 1 | |a Maliszewski, C. | |